| 000 | 00508nam a2200169Ia 4500 | ||
|---|---|---|---|
| 999 |
_c21634 _d21634 |
||
| 082 | _aTA.0046 | ||
| 100 | _aAgrawal, Mamta | ||
| 245 | 0 | _aStudy of the impact of education on social and cultural modernization of Hindu and Muslim women | |
| 260 |
_c1979 _bKurukshetra University |
||
| 300 | _a240 | ||
| 650 |
_aWomen, hindu _vHindu women |
||
| 650 |
_aWomen _vSocio-economic status |
||
| 650 |
_aHindu women _vEducation |
||
| 650 |
_aMuslim women _vEducation |
||
| 710 | _aChaturvedi, V. | ||
| 942 |
_cTH _2ddc |
||